[Event "OMA-chT"]
[Site "Muscat"]
[Date "2019.02.02"]
[Round "1.5"]
[White "Al Abri, Hamood"]
[Black "Al Kathiri, Salim Said"]
[Result "0-1"]
[WhiteElo "1350"]
[BlackElo "1759"]
[PlyCount "92"]
[EventDate "2019.02.02"]
[EventType "team-swiss"]
[EventRounds "9"]
[EventCountry "OMN"]
[SourceTitle "CBM 189 Extra"]
[Source "ChessBase"]
[SourceDate "2019.06.03"]
[SourceVersion "1"]
[SourceVersionDate "2019.06.03"]
[SourceQuality "1"]

1. e4 c5 2. Nf3 Nc6 3. Be2 g6 4. c4 Bg7 5. Nc3 Nf6 6. d3 d6 7. Nd5 Bd7 8. Bd2 Ng4 9. h3 Nge5 10. Bc3 e6 11. Ne3 Nxf3+ 12. Bxf3 Ne5 13. Be2 0-0 14. Bd2 b5 15. b3 bxc4 16. bxc4 Nc6 17. Rb1 Nd4 18. 0-0 Qc8 19. Nc2 Ba4 20. Rc1 Rb8 21. Bc3 Nxe2+ 22. Qxe2 Bxc3 23. Ne3 Bd4 24. Rb1 Qc7 25. Ng4 h5 26. Nh2 Rxb1 27. Rxb1 Rb8 28. Rxb8+ Qxb8 29. Nf3 Qb1+ 30. Kh2 Qc2 31. Nxd4 cxd4 32. Qf3 Kg7 33. Qg3 e5 34. f4 f6 35. f5 g5 36. Qf3 Be8 37. Kh1 Qb1+ 38. Kh2 Qxa2 39. Kh1 a5 40. g3 Qd2 41. Qf1 a4 42. Qa1 Qxd3 43. Qb2 Qxe4+ 44. Kh2 Bc6 45. g4 Qh1+ 46. Kg3 h4+ 0-1